Občianske súdne konanie
Uložené v:
| Hlavný autor: | |
|---|---|
| Ďalší autori: | |
| Médium: | Kniha |
| Jazyk: | Slovak |
| Vydavateľské údaje: |
Praha
C. H. Beck
2010
|
| Edícia: | Právnické učebnice
|
| Predmet: | |
| Tagy: |
Žiadne tagy, Buďte prvý, kto otaguje tento záznam!
|
MARC
| LEADER | 00000nam a2200000 4500 | ||
|---|---|---|---|
| 001 | 0172055 | ||
| 005 | 20240226134236.6 | ||
| 020 | |a 978-80-7400-312-7 | ||
| 041 | 0 | |a slo | |
| 044 | |a CZ | ||
| 245 | 1 | 0 | |a Občianske súdne konanie |c Svetlana Ficová, Marek Števček a kolektív |
| 264 | 1 | |a Praha |b C. H. Beck |c 2010 | |
| 300 | |a xxvi, 467 s. | ||
| 490 | 1 | |a Právnické učebnice | |
| 830 | 0 | |a Právnické učebnice | |
| 610 | 2 | 0 | |a konanie súdne občianske |
| 610 | 2 | 0 | |a súdy |
| 610 | 2 | 0 | |a súdnictvo |
| 610 | 2 | 0 | |a Slovensko |
| 100 | 1 | |a Ficová, Svetlana | |
| 700 | 1 | |a Števček, Marek | |